[Event "DVM U20w 2010"]
[Site "Magdeburg GER"]
[Date "2010.12.27"]
[Round "2"]
[White "Erben, Larissa"]
[Black "Stark, Saskia"]
[Result "1/2-1/2"]
[Termination "normal"]
[Board "1.1"]
[WhiteElo "2092"]
[BlackElo "1978"]
[WhiteTeam "SV Stuttgart-Wolfbusch"]
[BlackTeam "SG Grün-Weiß Dresden"]
[PlyCount "94"]
[WhiteFideId "24634590"]
[BlackFideId "4601050"]
[EventCountry "GER"]
[EventRounds "7"]
[EventType "team-swiss"]
[EventDate "2010.12.26"]

1. e4 c5 2. Nf3 e6 3. d4 cxd4 4. Nxd4 a6 5. Nc3 Qc7 6. Bd3 Nf6 7. O-O Bd6 8. h3
O-O 9. Kh1 Bf4 10. Qf3 Bxc1 11. Raxc1 Nc6 12. Qe3 d6 13. Nde2 b5 14. f4 Bb7 15.
f5 Ne5 16. Nf4 Rae8 17. fxe6 fxe6 18. Nce2 Qc5 19. Nd4 Nc4 20. Bxc4 bxc4 21. b4
Qe5 22. Nf3 Qxe4 23. Qb6 Qc6 24. Qxc6 Bxc6 25. Nd4 Bd7 26. Nf3 e5 27. Ne2 Bc6
28. Rcd1 Nd5 29. Rfe1 Rf6 30. Rd2 Nxb4 31. a3 Bxf3 32. axb4 Bb7 33. Nc3 Rfe6
34. Ne4 Rd8 35. Nc5 Re7 36. Nxb7 Rxb7 37. Rxe5 Rxb4 38. Red5 Rb6 39. R2d4 Rc6
40. Kg1 Rd7 41. Kf2 Kf8 42. Ke3 Re7+ 43. Kf3 Re6 44. Rh5 h6 45. c3 Ke7 46. Rhh4
Rf6+ 47. Ke3 Rg6 1/2-1/2

[Event "DVM U20w 2010"]
[Site "Magdeburg GER"]
[Date "2010.12.27"]
[Round "2"]
[White "Lorenz, Nicole"]
[Black "Stitterich, Nadine"]
[Result "0-1"]
[Termination "normal"]
[Board "1.2"]
[WhiteElo "1887"]
[BlackElo "2000"]
[WhiteTeam "SG Grün-Weiß Dresden"]
[BlackTeam "SV Stuttgart-Wolfbusch"]
[PlyCount "80"]
[WhiteFideId "24623709"]
[BlackFideId "24676527"]
[EventCountry "GER"]
[EventRounds "7"]
[EventType "team-swiss"]
[EventDate "2010.12.26"]

1. Nf3 d5 2. c4 c6 3. g3 Nf6 4. Bg2 Bf5 5. O-O e6 6. d3 Nbd7 7. Nc3 Bg6 8. cxd5
exd5 9. e4 dxe4 10. dxe4 Nc5 11. Qxd8+ Rxd8 12. Bg5 Be7 13. e5 Nfe4 14. Nxe4
Bxe4 15. Bxe7 Kxe7 16. Rfd1 Bxf3 17. Bxf3 Nd3 18. b3 Nxe5 19. Be2 Rxd1+ 20.
Rxd1 Rd8 21. Rxd8 Kxd8 22. f4 Nd7 23. Kf2 Ke7 24. Ke3 a6 25. Bf1 b5 26. Be2 Nf6
27. a3 Kd6 28. Bf3 Nd7 29. Kd4 a5 30. Bh5 g6 31. Bd1 Nf6 32. a4 bxa4 33. bxa4
Nd5 34. Bb3 f6 35. Bd1 h6 36. Bc2 c5+ 37. Ke4 f5+ 38. Kf3 c4 39. h4 h5 40. Kf2
Kc5 0-1

[Event "DVM U20w 2010"]
[Site "Magdeburg GER"]
[Date "2010.12.27"]
[Round "2"]
[White "Mijatovic, Andrea"]
[Black "Kosovska, Olena"]
[Result "1-0"]
[Termination "normal"]
[Board "1.3"]
[WhiteElo "1912"]
[BlackElo "1872"]
[WhiteTeam "SV Stuttgart-Wolfbusch"]
[BlackTeam "SG Grün-Weiß Dresden"]
[PlyCount "57"]
[WhiteFideId "14514524"]
[BlackFideId "4647963"]
[EventCountry "GER"]
[EventRounds "7"]
[EventType "team-swiss"]
[EventDate "2010.12.26"]

1. e4 c5 2. Nf3 a6 3. d4 cxd4 4. Nxd4 e5 5. Nf5 d5 6. Ne3 d4 7. Nd5 Nf6 8. Bg5
Be7 9. Nxe7 Qxe7 10. c3 Nc6 11. Bc4 Qc5 12. Qe2 Qd6 13. O-O b5 14. Bb3 d3 15.
Qe3 Nd7 16. Bd5 O-O 17. Qxd3 Qg6 18. Be3 Bb7 19. c4 Nb4 20. Qb3 Nxd5 21. exd5
Nf6 22. Nc3 Rfd8 23. Rad1 Rab8 24. Ba7 bxc4 25. Qb6 Nd7 26. Qc7 Rbc8 27. Qxb7
f5 28. d6 Nf6 29. d7 1-0

[Event "DVM U20w 2010"]
[Site "Magdeburg GER"]
[Date "2010.12.27"]
[Round "2"]
[White "Schreiber, Stefanie"]
[Black "Schäfer, Daniela"]
[Result "0-1"]
[Termination "normal"]
[Board "1.4"]
[WhiteElo "1256"]
[BlackElo "1920"]
[WhiteTeam "SG Grün-Weiß Dresden"]
[BlackTeam "SV Stuttgart-Wolfbusch"]
[PlyCount "82"]
[BlackFideId "4624769"]
[EventCountry "GER"]
[EventRounds "7"]
[EventType "team-swiss"]
[EventDate "2010.12.26"]

1. e4 d6 2. d4 Nf6 3. Nc3 g6 4. Nf3 Bg7 5. Be2 O-O 6. O-O Nc6 7. h3 Nd7 8. Be3
e5 9. Qd2 Re8 10. dxe5 Ncxe5 11. Nxe5 Nxe5 12. Nd5 c6 13. Nc3 Be6 14. Rfd1 Bf8
15. Rac1 Qc7 16. Qd4 a6 17. b3 b5 18. Qb6 Qxb6 19. Bxb6 b4 20. Na4 d5 21. exd5
Bxd5 22. c4 Be6 23. Be3 f6 24. Nc5 Bf5 25. Nd3 Bxd3 26. Bxd3 f5 27. Be2 a5 28.
f4 Nf7 29. Kf2 a4 30. Bf3 axb3 31. Bxc6 Rxa2+ 32. Rd2 Rc8 33. Bd5 Bg7 34. Rb1
Bc3 35. Re2 b2 36. Bc1 bxc1=Q 37. Rxc1 Bd4+ 38. Kf1 b3 39. c5 b2 40. Bxa2
bxc1=Q+ 41. Re1 Qxf4+ 0-1

[Event "DVM U20w 2010"]
[Site "Magdeburg GER"]
[Date "2010.12.27"]
[Round "2"]
[White "Anker, Christin"]
[Black "Schmalhorst, Sophia"]
[Result "1/2-1/2"]
[Termination "normal"]
[Board "2.1"]
[WhiteElo "1894"]
[BlackElo "1861"]
[WhiteTeam "SpVgg Stetten"]
[BlackTeam "SC Ladja Roßdorf"]
[PlyCount "86"]
[WhiteFideId "1615688"]
[BlackFideId "24682497"]
[EventCountry "GER"]
[EventRounds "7"]
[EventType "team-swiss"]
[EventDate "2010.12.26"]

1. e4 e5 2. Nf3 Nc6 3. Bc4 Bc5 4. c3 Nf6 5. d3 d6 6. Bb3 a6 7. h3 Ba7 8. Nbd2
O-O 9. O-O h6 10. Re1 Nh5 11. Nc4 Qf6 12. Ne3 Nf4 13. Nd5 Nxd5 14. exd5 Ne7 15.
d4 Ng6 16. Be3 exd4 17. Bxd4 Bxd4 18. Nxd4 Ne5 19. Re3 Bd7 20. Qh5 Qg6 21. Qh4
Qg5 22. Qxg5 hxg5 23. Rg3 f6 24. Re1 Rae8 25. Kf1 Ng6 26. Rge3 Rxe3 27. Rxe3
Kf7 28. Bc2 Ne5 29. Bf5 Bxf5 30. Nxf5 g6 31. Nd4 c6 32. dxc6 bxc6 33. b3 c5 34.
Nf3 Nxf3 35. Rxf3 d5 36. Ke2 Ke6 37. Kd3 Rb8 38. Re3+ Kd6 39. Rf3 Ke5 40. Re3+
Kd6 41. Rf3 Ke7 42. Re3+ Kf7 43. Rg3 a5 1/2-1/2

[Event "DVM U20w 2010"]
[Site "Magdeburg GER"]
[Date "2010.12.27"]
[Round "2"]
[White "Nguyen Minh, Thuy"]
[Black "Wisheckel, Lena"]
[Result "1-0"]
[Termination "normal"]
[Board "2.2"]
[WhiteElo "1910"]
[BlackElo "1778"]
[WhiteTeam "SC Ladja Roßdorf"]
[BlackTeam "SpVgg Stetten"]
[PlyCount "99"]
[WhiteFideId "24672688"]
[BlackFideId "24691992"]
[EventCountry "GER"]
[EventRounds "7"]
[EventType "team-swiss"]
[EventDate "2010.12.26"]

1. e4 e5 2. Bc4 Nc6 3. Nf3 Bc5 4. d3 Nf6 5. c3 d6 6. O-O O-O 7. Bb3 a6 8. h3 h6
9. Re1 Ba7 10. Nbd2 Nh5 11. Nf1 Qf6 12. Be3 Nf4 13. Bxf4 Qxf4 14. Ne3 Be6 15.
Bxe6 fxe6 16. Qb3 Rab8 17. Qxe6+ Kh8 18. Nd5 Qf7 19. Qg4 Rbe8 20. Re2 Re6 21.
Kh1 Nd8 22. Rf1 c6 23. Ne3 Rg6 24. Qh5 Ne6 25. Nh4 Rg5 26. Qxf7 Rxf7 27. Nhf5
Nf4 28. Rd2 Rg6 29. h4 Re6 30. g3 Ng6 31. Re2 Nf8 32. Kg2 Kh7 33. h5 Kg8 34. g4
Nh7 35. Nc4 Rd7 36. Nd2 Nf6 37. Kh3 Rd8 38. Nf3 Rde8 39. Kh4 Kh7 40. g5 Ng8 41.
gxh6 gxh6 42. Rg1 R8e7 43. Nxe7 Nxe7 44. Rg2 Rf6 45. Kg3 Ng8 46. Nh4 Rf4 47.
Ng6 Rf7 48. f4 exf4+ 49. Nxf4 Bb8 50. Rgf2 1-0

[Event "DVM U20w 2010"]
[Site "Magdeburg GER"]
[Date "2010.12.27"]
[Round "2"]
[White "Hiller, Vanessa"]
[Black "Mehling, Katharina"]
[Result "1/2-1/2"]
[Termination "normal"]
[Board "2.4"]
[WhiteElo "1587"]
[BlackElo "1606"]
[WhiteTeam "SC Ladja Roßdorf"]
[BlackTeam "SpVgg Stetten"]
[PlyCount "80"]
[WhiteFideId "24668761"]
[BlackFideId "12900362"]
[EventCountry "GER"]
[EventRounds "7"]
[EventType "team-swiss"]
[EventDate "2010.12.26"]

1. d4 Nf6 2. Nf3 g6 3. Bg5 Bg7 4. e3 O-O 5. Bb5 d6 6. Nbd2 Nc6 7. O-O h6 8. Bh4
a6 9. Bc4 e5 10. dxe5 dxe5 11. Ne4 Qxd1 12. Nxf6+ Bxf6 13. Rfxd1 g5 14. Bg3 e4
15. Nd4 Nxd4 16. exd4 c5 17. Bd6 cxd4 18. Bxf8 Kxf8 19. Re1 Bf5 20. Bd5 Re8 21.
g4 Bg6 22. Bxb7 e3 23. fxe3 dxe3 24. Re2 Bxb2 25. Rb1 Bd4 26. Kf1 h5 27. h3
hxg4 28. hxg4 f5 29. Rb4 Bg7 30. gxf5 Bh5 31. Be4 Bc3 32. Rb3 Bxe2+ 33. Kxe2
Bd4 34. Bb7 Re5 35. Rd3 Bc5 36. Rd5 Rxd5 37. Bxd5 Ke7 38. Bc4 a5 39. Kf3 Kf6
40. Bd3 Ke5 1/2-1/2

[Event "DVM U20w 2010"]
[Site "Magdeburg GER"]
[Date "2010.12.27"]
[Round "2"]
[White "Zikeli, Saskia"]
[Black "Wilke, Tabea"]
[Result "1-0"]
[Termination "normal"]
[Board "3.1"]
[WhiteElo "2069"]
[BlackElo "994"]
[WhiteTeam "Schachclub Ingersheim"]
[BlackTeam "SC Hattersheim"]
[PlyCount "93"]
[WhiteFideId "24601543"]
[BlackFideId "12910015"]
[EventCountry "GER"]
[EventRounds "7"]
[EventType "team-swiss"]
[EventDate "2010.12.26"]

1. c4 e5 2. Nc3 Nf6 3. g3 Bb4 4. Bg2 O-O 5. a3 Bxc3 6. bxc3 d6 7. Nf3 Re8 8.
O-O Nbd7 9. d4 e4 10. Ne1 Nb6 11. Qb3 c6 12. Nc2 Be6 13. Ne3 d5 14. c5 Nc4 15.
Nxc4 dxc4 16. Qxb7 Bd5 17. Bf4 Re7 18. Qb2 Qd7 19. Rab1 Ree8 20. Qc2 h6 21. Rb2
Qf5 22. f3 Qh5 23. Be5 e3 24. Bxf6 gxf6 25. g4 Qg5 26. Qf5 Qxf5 27. gxf5 Rab8
28. Rfb1 Rb3 29. Rxb3 cxb3 30. f4 Bc4 31. Bxc6 Rb8 32. Rb2 Bxe2 33. Rxe2 b2 34.
Be4 b1=Q+ 35. Bxb1 Rxb1+ 36. Kg2 Rb3 37. Rxe3 Rxa3 38. c6 Ra4 39. c7 Rc4 40.
Re8+ Kg7 41. c8=Q Rxc8 42. Rxc8 a5 43. d5 a4 44. d6 a3 45. d7 a2 46. d8=Q a1=R
47. Qg8# 1-0

[Event "DVM U20w 2010"]
[Site "Magdeburg GER"]
[Date "2010.12.27"]
[Round "2"]
[White "Neisius, Laura"]
[Black "Jehle, Anja"]
[Result "0-1"]
[Termination "normal"]
[Board "3.2"]
[WhiteElo "1002"]
[BlackElo "1933"]
[WhiteTeam "SC Hattersheim"]
[BlackTeam "Schachclub Ingersheim"]
[PlyCount "56"]
[WhiteFideId "12910040"]
[BlackFideId "24631434"]
[EventCountry "GER"]
[EventRounds "7"]
[EventType "team-swiss"]
[EventDate "2010.12.26"]

1. e4 c5 2. Nf3 d6 3. Nc3 Nf6 4. Bc4 e6 5. d3 Be7 6. e5 dxe5 7. Nxe5 a6 8. a4
Qc7 9. Bf4 Bd6 10. d4 Nc6 11. Nxc6 Bxf4 12. g3 Bd6 13. dxc5 Qxc6 14. O-O Qxc5
15. Bd3 O-O 16. Be4 Be5 17. Qd3 Bxc3 18. bxc3 Nxe4 19. Qxe4 Qxc3 20. Ra2 Bd7
21. Qxb7 Bc6 22. Qc7 Qf3 23. Qxc6 Qxc6 24. f3 Rfd8 25. Re1 Qxf3 26. Raa1 Rd2
27. Re2 Rxe2 28. h4 Qg2# 0-1

[Event "DVM U20w 2010"]
[Site "Magdeburg GER"]
[Date "2010.12.27"]
[Round "2"]
[White "Zikeli, Julia"]
[Black "Rosmanitz, Anna"]
[Result "1-0"]
[Termination "normal"]
[Board "3.3"]
[WhiteElo "1834"]
[BlackElo "991"]
[WhiteTeam "Schachclub Ingersheim"]
[BlackTeam "SC Hattersheim"]
[PlyCount "107"]
[WhiteFideId "24622753"]
[BlackFideId "12910058"]
[EventCountry "GER"]
[EventRounds "7"]
[EventType "team-swiss"]
[EventDate "2010.12.26"]

1. e4 e5 2. Nf3 Nc6 3. d4 f6 4. Bc4 Bb4+ 5. c3 Ba5 6. dxe5 fxe5 7. Qd5 Qe7 8.
Ng5 Nh6 9. O-O d6 10. Bb5 Bd7 11. Bxc6 bxc6 12. Qxa5 O-O 13. Qxc7 Rfc8 14. Qa5
Nf7 15. Nxf7 Qxf7 16. f4 Rf8 17. Na3 Qg6 18. f5 Qf6 19. Rf3 Qh4 20. Qb4 Rf7 21.
Rg3 h6 22. Qxd6 Qxe4 23. Bxh6 Qxf5 24. Rf3 Rf6 25. Qe7 Rf7 26. Qxf7+ Qxf7 27.
Rxf7 Kxf7 28. Rf1+ Kg8 29. Be3 Be6 30. b3 Rd8 31. Nc2 Bf7 32. Nb4 Rd6 33. Bxa7
Bg6 34. Bc5 Re6 35. a4 Be4 36. a5 Re8 37. a6 Rc8 38. a7 g6 39. Rf8+ Rxf8 40.
Bxf8 c5 41. Bxc5 Kf7 42. c4 Ke6 43. Nd5 Bxd5 44. cxd5+ Kxd5 45. b4 Kc4 46. a8=Q
e4 47. Qxe4+ Kb5 48. Qd5 g5 49. Bd4+ Ka4 50. Qc4 g4 51. b5+ Ka3 52. Bc3 g3 53.
Qb4+ Ka2 54. Qb2# 1-0

[Event "DVM U20w 2010"]
[Site "Magdeburg GER"]
[Date "2010.12.27"]
[Round "2"]
[White "Heyd, Julia"]
[Black "Fröschle, Luzie"]
[Result "0-1"]
[Termination "normal"]
[Board "3.4"]
[WhiteElo "1000"]
[BlackElo "1775"]
[WhiteTeam "SC Hattersheim"]
[BlackTeam "Schachclub Ingersheim"]
[PlyCount "40"]
[WhiteFideId "12927317"]
[BlackFideId "24631221"]
[EventCountry "GER"]
[EventRounds "7"]
[EventType "team-swiss"]
[EventDate "2010.12.26"]

1. e4 c6 2. d4 d5 3. Nc3 dxe4 4. Nxe4 Nd7 5. Bc4 e6 6. Ng5 Ngf6 7. N1f3 h6 8.
Nh3 Bd6 9. Nf4 O-O 10. O-O Qc7 11. Ne5 Nxe5 12. dxe5 Bxe5 13. g3 Nd5 14. c3
Nxf4 15. gxf4 Bxf4 16. Bxf4 Qxf4 17. Bb3 e5 18. Bc2 Bh3 19. Qd3 Qg5+ 20. Kh1
Qg2# 0-1

[Event "DVM U20w 2010"]
[Site "Magdeburg GER"]
[Date "2010.12.27"]
[Round "2"]
[White "Hoffmann, Hanna Dorina"]
[Black "Schulz, Anja"]
[Result "0-1"]
[Termination "normal"]
[Board "4.1"]
[WhiteElo "1549"]
[BlackElo "2045"]
[WhiteTeam "Dortmunder SV 1875"]
[BlackTeam "USC Magdeburg"]
[PlyCount "88"]
[WhiteFideId "12909858"]
[BlackFideId "24647845"]
[EventCountry "GER"]
[EventRounds "7"]
[EventType "team-swiss"]
[EventDate "2010.12.26"]

1. e4 c5 2. Nf3 d6 3. d4 cxd4 4. Nxd4 Nf6 5. Nc3 a6 6. Bc4 e6 7. Be3 Be7 8. f3
O-O 9. Qd2 b5 10. Bd3 Qc7 11. O-O-O Nbd7 12. g4 Nb6 13. h4 Nfd7 14. Bg5 Ne5 15.
f4 Nxg4 16. Rhg1 h5 17. Be2 Bxg5 18. hxg5 Nc4 19. Bxc4 Qxc4 20. Qe2 Qxe2 21.
Ndxe2 Rd8 22. Rd3 Bb7 23. Rh3 g6 24. f5 b4 25. Nd1 Bxe4 26. fxe6 fxe6 27. Ne3
Nxe3 28. Rxe3 Bf5 29. Nd4 Re8 30. Nc6 a5 31. Nd4 Kf7 32. Nb5 Red8 33. Rd1 d5
34. Nd4 Ra6 35. Rde1 Rc8 36. R3e2 Rc4 37. Nxf5 gxf5 38. g6+ Kxg6 39. Rxe6+ Rxe6
40. Rxe6+ Kg5 41. Ra6 h4 42. Rxa5 h3 43. Rxd5 h2 44. Rd1 Rg4 0-1

[Event "DVM U20w 2010"]
[Site "Magdeburg GER"]
[Date "2010.12.27"]
[Round "2"]
[White "Heinemann, Josefine"]
[Black "Friese, Sarah"]
[Result "1/2-1/2"]
[Termination "normal"]
[Board "4.2"]
[WhiteElo "1578"]
[BlackElo "1490"]
[WhiteTeam "USC Magdeburg"]
[BlackTeam "Dortmunder SV 1875"]
[PlyCount "65"]
[WhiteFideId "12900460"]
[BlackFideId "24691950"]
[EventCountry "GER"]
[EventRounds "7"]
[EventType "team-swiss"]
[EventDate "2010.12.26"]

1. e4 c6 2. d4 d5 3. exd5 cxd5 4. c4 Nf6 5. Nc3 Nc6 6. cxd5 Nxd5 7. Nf3 g6 8.
Bc4 e6 9. O-O Bg7 10. Nxd5 exd5 11. Re1+ Be6 12. Bg5 Qd6 13. Bb3 O-O 14. Qd2
Qb4 15. Qxb4 Nxb4 16. Be7 Nd3 17. Re3 Rfe8 18. Ba3 Nf4 19. Bd6 Nh5 20. Be5 Bh6
21. Re2 Nf4 22. Bxf4 Bxf4 23. Rae1 Rad8 24. g3 Bh6 25. Ne5 Bg7 26. f4 Kf8 27.
Ba4 Re7 28. g4 Rc7 29. Nf3 Rcc8 30. h3 a6 31. Kg2 b5 32. Bb3 a5 33. a4 1/2-1/2

[Event "DVM U20w 2010"]
[Site "Magdeburg GER"]
[Date "2010.12.27"]
[Round "2"]
[White "Finke, Lara"]
[Black "Weiß, Katharina"]
[Result "0-1"]
[Termination "normal"]
[Board "4.3"]
[WhiteElo "1270"]
[BlackElo "1776"]
[WhiteTeam "Dortmunder SV 1875"]
[BlackTeam "USC Magdeburg"]
[PlyCount "56"]
[WhiteFideId "12909874"]
[BlackFideId "24692859"]
[EventCountry "GER"]
[EventRounds "7"]
[EventType "team-swiss"]
[EventDate "2010.12.26"]

1. e4 c5 2. Nf3 d6 3. d4 cxd4 4. Nxd4 Nf6 5. Nc3 g6 6. Bc4 Bg7 7. f3 O-O 8. Be3
Nc6 9. Qd2 Bd7 10. O-O-O Rc8 11. Bb3 Ne5 12. h4 Nc4 13. Bxc4 Rxc4 14. Bh6 Rxd4
15. Qxd4 Bxh6+ 16. Kb1 Qa5 17. g4 Bg7 18. Qe3 Rc8 19. h5 Be6 20. a3 Nxg4 21.
fxg4 Rxc3 22. Rd3 Rxd3 23. Qxd3 Qe5 24. c3 Bxg4 25. hxg6 fxg6 26. Rf1 d5 27.
Qxd5+ Qxd5 28. exd5 Bf5+ 0-1

[Event "DVM U20w 2010"]
[Site "Magdeburg GER"]
[Date "2010.12.27"]
[Round "2"]
[White "Cejda, Cecilia"]
[Black "Hoffmann, Clara Sandrine"]
[Result "0-1"]
[Termination "normal"]
[Board "4.4"]
[WhiteElo "928"]
[BlackElo "1133"]
[WhiteTeam "USC Magdeburg"]
[BlackTeam "Dortmunder SV 1875"]
[PlyCount "59"]
[WhiteFideId "12921122"]
[BlackFideId "12909882"]
[EventCountry "GER"]
[EventRounds "7"]
[EventType "team-swiss"]
[EventDate "2010.12.26"]

1. e4 c5 2. Bc4 d6 3. Nf3 Bg4 4. h3 Bh5 5. Bb5+ Nd7 6. Bc4 Ngf6 7. Ng5 e6 8.
Nf3 Nxe4 9. d3 Nef6 10. Bg5 Be7 11. O-O O-O 12. Qd2 Bxf3 13. gxf3 Ne5 14. Kh1
Nxf3 15. Qf4 Nxg5 16. Qxg5 Nd7 17. Qg2 Rb8 18. Rg1 Bf6 19. Nd2 d5 20. Bb5 Ne5
21. h4 h5 22. f4 Ng4 23. Nf1 Bd4 24. Nh2 Nf2+ 25. Qxf2 Bxf2 26. Rgf1 Qxh4 27.
Rad1 Bg3 28. Rd2 Bxf4 29. Rdf2 g5 30. Kg1 0-1

[Event "DVM U20w 2010"]
[Site "Magdeburg GER"]
[Date "2010.12.27"]
[Round "2"]
[White "Bachem, Lisa"]
[Black "Orhan, Eda"]
[Result "1/2-1/2"]
[Termination "normal"]
[Board "5.2"]
[WhiteElo "1487"]
[BlackElo "1756"]
[WhiteTeam "TTC GW Fritzdorf"]
[BlackTeam "Schachverein Wesel 1928"]
[PlyCount "66"]
[WhiteFideId "12909912"]
[BlackFideId "24659258"]
[EventCountry "GER"]
[EventRounds "7"]
[EventType "team-swiss"]
[EventDate "2010.12.26"]

1. e4 c6 2. d4 d5 3. e5 e6 4. Nf3 c5 5. Bb5+ Bd7 6. Bxd7+ Nxd7 7. c3 Qb6 8. O-O
Ne7 9. Nbd2 Nc6 10. Nb3 Be7 11. Rb1 O-O 12. Be3 Rac8 13. dxc5 Nxc5 14. Nxc5
Bxc5 15. Bd4 Bxd4 16. cxd4 f6 17. Qd3 Nb4 18. Qb3 Nc6 19. Qd3 Qc7 20. Rfe1 fxe5
21. dxe5 Rf5 22. Rbc1 Qd7 23. Re2 Nb4 24. Rxc8+ Qxc8 25. Qc3 Qxc3 26. bxc3 Nd3
27. Nd4 Rxe5 28. Rxe5 Nxe5 29. Nxe6 Kf7 30. Nd8+ Kf6 31. Nxb7 Nc6 32. Nd6 Ke6
33. Nb5 Ke5 1/2-1/2

[Event "DVM U20w 2010"]
[Site "Magdeburg GER"]
[Date "2010.12.27"]
[Round "2"]
[White "Höpken, Sarah"]
[Black "Sturm, Johanna"]
[Result "0-1"]
[Termination "normal"]
[Board "5.3"]
[WhiteElo "1451"]
[BlackElo "1441"]
[WhiteTeam "Schachverein Wesel 1928"]
[BlackTeam "TTC GW Fritzdorf"]
[PlyCount "76"]
[WhiteFideId "12927279"]
[BlackFideId "12909904"]
[EventCountry "GER"]
[EventRounds "7"]
[EventType "team-swiss"]
[EventDate "2010.12.26"]

1. e4 e5 2. Nf3 Nc6 3. Nc3 Bc5 4. Bc4 d6 5. d3 Bg4 6. O-O Nd4 7. Bxf7+ Kxf7 8.
Ng5+ Qxg5 9. Bxg5 Bxd1 10. Raxd1 Nxc2 11. Rd2 Nd4 12. Rdd1 h6 13. Bd2 Nf6 14.
Kh1 Ne6 15. Ne2 Nh5 16. b4 Bb6 17. h3 g5 18. Bc3 Nhf4 19. Nc1 a5 20. a3 axb4
21. axb4 Bd4 22. Bd2 Ra3 23. Be3 Bb2 24. Rd2 Bxc1 25. Rxc1 Nxd3 26. Rb1 Rha8
27. Kh2 R8a4 28. b5 Rxe4 29. b6 c6 30. Rdd1 d5 31. Bd2 Re2 32. Kg1 Nxf2 33. Bb4
Nxd1 34. Bxa3 Nc3 35. Rf1+ Kg6 36. Be7 Ne4 37. h4 Nf4 38. Rb1 Rxg2+ 0-1

[Event "DVM U20w 2010"]
[Site "Magdeburg GER"]
[Date "2010.12.27"]
[Round "2"]
[White "Jentsch, Jasmin"]
[Black "Logwinenko, Maria"]
[Result "1/2-1/2"]
[Termination "normal"]
[Board "5.4"]
[WhiteElo "1215"]
[BlackElo "1273"]
[WhiteTeam "TTC GW Fritzdorf"]
[BlackTeam "Schachverein Wesel 1928"]
[PlyCount "118"]
[WhiteFideId "12909920"]
[BlackFideId "12927287"]
[EventCountry "GER"]
[EventRounds "7"]
[EventType "team-swiss"]
[EventDate "2010.12.26"]

1. e4 e5 2. Nf3 d6 3. d4 exd4 4. Nxd4 Nf6 5. Nc3 b6 6. Bb5+ Bd7 7. Bxd7+ Qxd7
8. O-O Be7 9. Bg5 h6 10. Bxf6 Bxf6 11. Nd5 Qd8 12. c3 O-O 13. Qf3 Nd7 14. Nc6
Ne5 15. Qg3 Nxc6 16. Qf3 Ne5 17. Nxf6+ Qxf6 18. Qxf6 gxf6 19. Rfd1 Rfd8 20. h3
Ng6 21. g3 Ne7 22. Rd3 f5 23. exf5 Nxf5 24. Rd5 Ng7 25. Rd4 Re8 26. Kf1 Re7 27.
Rh4 Re6 28. Rd1 Rae8 29. Rc4 R8e7 30. b4 Re2 31. a4 R2e4 32. Rxe4 Rxe4 33. Rd3
Rc4 34. Ke2 a5 35. bxa5 bxa5 36. Rd4 Rxc3 37. Rd5 Rc5 38. Rxc5 dxc5 39. Kd3 Ne6
40. Kc4 c6 41. f4 f5 42. g4 fxg4 43. hxg4 Nxf4 44. Kxc5 Nd3+ 45. Kxc6 Nb2 46.
Kb5 Nxa4 47. Kxa4 Kf7 48. Kxa5 Ke6 49. Kb4 Ke5 50. Kc3 Kf4 51. Kd2 Kxg4 52. Ke2
Kg3 53. Kf1 Kh2 54. Kf2 h5 55. Kf1 h4 56. Kf2 h3 57. Kf1 Kg3 58. Kg1 h2+ 59.
Kh1 Kf2 1/2-1/2